Countries with English as Official Language - Statistics

General Stats
  • This quiz has been taken 24 times
    5 since last reset
  • The average score is 10 of 41
Answer Stats
Continent # Country % Correct
North America 2 Canada
100%
North America 1 Bahamas
25%
North America (Caribbean) 1 Barbados
25%
North America 1 Belize
25%
Africa 2 Botswana
25%
North America (Caribbean) 1 Dominica
25%
Africa 2 Eswatini
25%
Oceania 3 Fiji
25%
Africa 1 Gambia
25%
Africa 1 Ghana
25%
North America (Caribbean) 1 Grenada
25%
South America 1 Guyana
25%
North America (Caribbean) 1 Jamaica
25%
Oceania 2 Kiribati
25%
Oceania 2 Marshall Islands
25%
Oceania 1 Micronesia
25%
Africa 1 Namibia
25%
Oceania 2 Nauru
25%
Africa 1 Nigeria
25%
Oceania 2 Palau
25%
Oceania 4 Papua-New Guinea
25%
Africa 4 Rwanda
25%
North America (Caribbean) 1 Saint Kitts and Nevis
25%
North America (Caribbean) 1 Saint Lucia
25%
Oceania 2 Samoa
25%
Africa 1 Sierra Leone
25%
Asia 4 Singapore
25%
Oceania 1 Solomon Islands
25%
Africa 1 South Sudan
25%
Oceania 2 Tonga
25%
North America (Caribbean) 1 Trinidad and Tobago
25%
Africa 2 Uganda
25%
Oceania 3 Vanuatu
25%
Africa 1 Zambia
25%
Africa 16 Zimbabwe
25%
Africa 2 Cameroon
0%
Africa 2 Kenya
0%
Africa 1 Liberia
0%
Africa 1 Malawi
0%
North America (Caribbean) 1 Saint Vincent a. t. G.
0%
Africa 3 Seychelles
0%
No matching quizzes found
Score Distribution
Percent of People with Each Score
Percentile by Number Answered
Your Score History
You have not taken this quiz since the last reset